000
00246nam a22001217a 4500
008
181205b xxu||||| |||| 00| 0 eng d
041
_a
eng
080
_a
541
100
_a
12
101
_a
kim
245
_a
Chemistry
_c
Chang,P
942
_2
udc
_c
BK
999
_c
52904
_d
52904